000 00582nam a2200205Ia 4500
003 OSt
005 20250624163156.0
008 210716s2005 xx 000 0 und d
020 _a8178295369
040 _cAIMIT LIBRARY
041 _aeng
082 _a659.2
_21
_bTRED
100 _aTreadewell, Donald; Treadwell, Jill B.
_9215965
245 _aPublic relations writing: principles and practice.
_bPrinciples and practice.
250 _a2
260 _aNew Delhi
_bResponse Books
_c2005
300 _a517
650 _aPublic Relations
_9215966
942 _2ddc
_cBK
_k659.2 TRED
999 _c199591
_d199591